| 000 | 00858cam a2200217 4500 | ||
|---|---|---|---|
| 001 | WB3724-43 | ||
| 008 | 000000n2001 000 0 eng u | ||
| 035 | _a(Sirsi) u113189 | ||
| 245 | _aRental returns | ||
| 260 | _c2001 | ||
| 490 |
_aEstates Gazette _v(0124) 16 June 2001, 46(1) |
||
| 520 | _aThe Association of Residential Letting Agents' Buy to Let survey for the past six months indicates that slightly higher rental returns can be gained outside London and the South-East, despite lower capital values. The survey also found that, compared with six months ago, average rental returns have hardly altered. | ||
| 590 | _aWB | ||
| 650 | _aASSOCIATION OF RESIDENTIAL LETTING AGENTS | ||
| 650 | _aBUY-TO-LET | ||
| 650 | _aSOUTH EAST | ||
| 650 | _aLONDON | ||
| 650 | _aRENTS | ||
| 690 | _aPROPERTY MANAGEMENT-RESIDENTIAL PROPERTY | ||
| 942 | _n0 | ||
| 999 |
_c67405 _d67405 |
||